| 000 | 00469nam a22001817a 4500 | ||
|---|---|---|---|
| 005 | 20230415111219.0 | ||
| 008 | 230414b |||||||| |||| 00| 0 eng d | ||
| 020 | _a978-03672-0284-2 | ||
| 041 | _aeng | ||
| 082 | _a610 BER-T | ||
| 100 |
_aBERRY ,IRA R. AND MARTIN , ROBERT _97779 |
||
| 245 | _aTHE PHARMACEUTICAL REGULATORY PROCESS | ||
| 250 | _a2nd ed. | ||
| 260 | _bCRS PRESS | ||
| 300 | _a469;P. | ||
| 650 |
_a PHARMACY _xB. PHARMA _97780 |
||
| 942 | _cBK | ||
| 999 |
_c8292 _d8290 |
||